| 000 | 00755nam a2200229 u 4500 | ||
|---|---|---|---|
| 005 | 20240228063618.0 | ||
| 008 | 140918s2010 mx r 000 0 spa d | ||
| 020 | _a9786074716788 | ||
| 035 | _aUPN01000199633 | ||
| 049 | _aI | ||
| 050 | 4 |
_aPZ24.7 _bG8.3 |
|
| 100 | 1 |
_aGutman, Colas, _d1972- _937016 |
|
| 245 | 1 | 4 |
_aLas aventuras de Pimpín el extraterrestre / _cColas Gutman ; il. Véronique Deiss ; tr. María Cristina Vargas. |
| 260 |
_aMéxico : _bSM, _c2010. |
||
| 300 |
_a55 p. : _bil. col. |
||
| 440 | 3 |
_aEl barco de vapor ; _v40 |
|
| 534 |
_pTítulo original : _tLes aventuresde Pinpin l'extraterrestre |
||
| 650 | 4 |
_aLiteratura infantil francesa _913687 |
|
| 650 | 4 |
_aCUENTOS HUMORISTICOS _911283 |
|
| 905 | _aInfantil | ||
| 999 |
_c171734 _d171734 |
||